| 000 | 00554nam a2200193 a 4500 | ||
|---|---|---|---|
| 005 | 20210223125648.0 | ||
| 008 | 050420s1990 mx 000 0 spa d | ||
| 035 | _aUPN01000139280 | ||
| 049 | _aCG | ||
| 050 | 4 |
_aPQ9697 C6.7 _bL5.2 |
|
| 100 | 1 |
_aCosta, Horácio, _d1954- _936147 |
|
| 245 | 1 | 3 |
_aEl libro de los Fracta / _cHorácio Costa. |
| 260 |
_aMéxico : _bEl tucán de Virginia, _cc1990. |
||
| 300 | _a71 p. | ||
| 440 | 3 |
_aLa vita nuova. _pPoemas |
|
| 650 | 4 |
_aLITERATURA BRASILEÑA _95072 |
|
| 650 | 4 |
_aPOESIA BRASILEÑA _924732 |
|
| 905 | _aLibro | ||
| 999 |
_c111428 _d111428 |
||